US State Capitals by Images - Statistics

General Stats
  • This quiz has been taken 7 times
  • The average score is 15 of 50
Answer Stats
Picture Answer % Correct
Boston
80%
Columbus
60%
Honolulu
60%
Nashville
60%
Phoenix
60%
Sacramento
60%
Albany
40%
Annapolis
40%
Atlanta
40%
Augusta
40%
Austin
40%
Baton Rouge
40%
Boise
40%
Carson City
40%
Columbia
40%
Concord
40%
Des Moines
40%
Harrisburg
40%
Helena
40%
Indianapolis
40%
Jackson
40%
Juneau
40%
Lansing
40%
Madison
40%
Saint Paul
40%
Salem
40%
Tallahassee
40%
Bismarck
20%
Charleston
20%
Denver
20%
Dover
20%
Hartford
20%
Little Rock
20%
Montgomery
20%
Montpelier
20%
Olympia
20%
Pierre
20%
Providence
20%
Raleigh
20%
Richmond
20%
Salt Lake City
20%
Santa Fe
20%
Trenton
20%
Cheyenne
0%
Frankfort
0%
Jefferson City
0%
Lincoln
0%
Oklahoma City
0%
Springfield
0%
Topeka
0%
No matching quizzes found
Score Distribution
Percent of People with Each Score
Percentile by Number Answered
Your Score History
You have not taken this quiz